عصمت آ پا (Record no. 164014)

MARC details
000 -LEADER
fixed length control field 00616nam a22001937a 4500
005 - DATE AND TIME OF LATEST TRANSACTION
control field 20190508152413.0
010 ## - LCCN (DPL NO)
LC control number UR-10078
020 ## - INTERNATIONAL STANDARD BOOK NUMBER
Terms of availability 125.00
International Standard Book Number -
035 ## - SYSTEM CONTROL NUMBER
System control number U-8633
037 ## - SOURCE OF ACQUISITION
Source of stock number/acquisition DBAD/PUB
082 ## - DEWEY DECIMAL CLASSIFICATION NUMBER
Classification number 305.4
100 ## - MAIN ENTRY--PERSONAL NAME
Personal name شکيلہ ر فيق
245 ## - TITLE STATEMENT
Title عصمت آ پا
Statement of responsibility, etc شکيلہ ر فيق
246 ## - VARYING FORM OF TITLE
Remainder of title ISMAT Aapa (Urdu)
Title proper/short title by Shakila Rafeeq
260 ## - PUBLICATION, DISTRIBUTION, ETC. (IMPRINT)
Place of publication, distribution, etc Delhi
Name of publisher, distributor, etc Educational Publishing House
Date of publication, distribution, etc 2018 ء
270 ## - ADDRESS
Address 3191،Vakil Street,Kucha Pandit,Lal Kuan,
City Delhi
Postal code 110006
Telephone number 23216162
Fax number 00911123211540
300 ## - PHYSICAL DESCRIPTION
Extent 96ص
Dimensions 22 Cm.(bk)
942 ## - ADDED ENTRY ELEMENTS (KOHA)
Source of classification or shelving scheme Dewey Decimal Classification
Item type Urdu Bks
Classification part 305.4
Call number suffix ش ک ی
Holdings
Withdrawn status Lost status Not for loan Collection code Home library Current library Date acquired Source of acquisition Cost, normal purchase price Full call number Barcode Copy number Cost, replacement price Koha item type
    Not For Loan Non-fiction D.B.Act.Division D.B.Act.Division 08/05/2019 DBAD/PUB 125.00 305.4 ش ک ی U-8633 1 125.00 Urdu Bks

© Delhi Public Library
Hit Counter
free hit counter